000 00390nam a2200181Ia 4500
008 210210b1952 xxu||||| |||| 00| 0 eng d
041 _aeng
082 _a828/171
100 _aCUMMINS (G)
245 _aDr E C Somerville
260 _aLondon
_bNot Mentioned
_c1952
650 _aSomerville
650 _aE
650 _aDr
650 _aC
690 _aBiography
906 _a016017
999 _c135407
_d135407